000 00300nam a2200109Ia 4500
008 190216s9999||||xx |||||||||||||| ||und||
100 _a"Aggarwal Sk, Chhatwal Gr, Sinha Sc Etc..."
245 0 _aMedical Colleges Entrance Examination
260 _bBright Careers
_c1998
300 _a902p
942 _cREF
999 _c36354
_d36354